000 00633nam a2200193 i 4500
001 139728
003 ES-MaACL
005 20250928121400.0
007 t|
008 070214s1904 fr r ||||1| fre d
100 1 _aSchnabel, Carl.
_9104539
245 1 0 _aTraité de métallurgie générale /
_cpar C. Schnabel, ... ; trad. d'après la 2e éd. allemande par L. Gautier.
260 _aParis :
_bCh. Béranger,
_c1904.
300 _a755 p. :
_bil. ;
_c24 cm.
650 7 _aMetalurgia
_2embne
_9136491
700 1 _aGautier, Léopold-Alexandre,
_d1838-19..
_956052
852 _aES-MaACL
_jD-55
999 _c139728
_d139728